| 000 | 00472nam a2200193Ia 4500 | ||
|---|---|---|---|
| 003 | LK-CoDNM | ||
| 005 | 20240129135650.0 | ||
| 008 | 010623t1931 xxu||||| |||| 00| 1 sin d | ||
| 040 |
_aLK-CoDNM _dLK-CoDNM _eLK-CoDNM |
||
| 041 | _asin | ||
| 080 |
_a104 _bN 7 |
||
| 100 | _aRanasinghe,D.E. | ||
| 245 | _aලෝකය | ||
| 246 | _aThe World | ||
| 260 |
_bBastian Co. _aColombo _c1931 |
||
| 300 | _b172p,map, 21 260: Fourth cm | ||
| 650 | _aThe World | ||
| 942 | _cBK | ||
| 999 |
_c96009 _d96009 |
||